000 00550nam a2200193Ia 4500
003 OSt
005 20200215104017.0
008 190216s9999||||xx |||||||||||||| ||und||
020 _a8187125632
040 _coclc
082 _a338.95483
_bSUR/K
100 _aSurendran, P
_9540
245 4 _aThe Kerala Economy Growth And Survival /
_c P Surendran
250 _a2nd ed.
260 _bVrinda Publications,
_aDelhi:
_c1999.
300 _a131p
650 _aEconomics
942 _cBK
_2ddc
_h338.95483
_iSUR/K
_k338.95483
_mSUR/K
999 _c10828
_d10828